| Tag |
First Indicator |
Second Indicator |
Subfields |
| LEADER |
00000cam a2200000 i 4500 |
| 001 |
in00003445721 |
| 005 |
20151206103258.0 |
| 008 |
790723s1977 mx 00010 spa |
| 010 |
|
|
|a 78110584
|
| 040 |
|
|
|d UtOrBLW
|
| 043 |
|
|
|a n-mx---
|
| 082 |
0 |
|
|a 972.08/1
|
| 090 |
|
|
|a F1234.F18
|b A33
|
| 100 |
1 |
|
|a Fabela, Isidro,
|d 1882-1964.
|
| 245 |
1 |
0 |
|a Mis memorias de la Revolución /
|c Isidro Fabela ; editadas por la Comisión de Investigaciones Históricas de la Revolución Mexicana.
|
| 250 |
|
|
|a 1. ed.
|
| 264 |
|
1 |
|a México :
|b Editorial Jus,
|c 1977.
|
| 300 |
|
|
|a 316 pages ;
|c 22 cm.
|
| 336 |
|
|
|a text
|b txt
|2 rdacontent
|
| 337 |
|
|
|a unmediated
|b n
|2 rdamedia
|
| 338 |
|
|
|a volume
|b nc
|2 rdacarrier
|
| 490 |
1 |
|
|a Documentos históricos de la Revolución Mexicana
|
| 600 |
1 |
0 |
|a Fabela, Isidro,
|d 1882-1964.
|
| 651 |
|
0 |
|a Mexico
|x History
|y 1910-1946.
|
| 710 |
2 |
|
|a Comisión de Investigaciones Históricas de la Revolución Mexicana.
|
| 830 |
|
0 |
|a Documentos históricos de la Revolución Mexicana.
|
| 999 |
|
|
|a MARS
|
| 999 |
f |
f |
|s 5a9734b8-f018-346b-b6e2-fabf323289f3
|i 86dfaf7c-87c4-3715-b4bd-a30078d5db8f
|t 0
|
| 952 |
f |
f |
|p ric
|a Texas A&M University
|b Rellis Campus
|c Joint Library Facility
|d Remote Storage
|t 0
|e F1234.F18 A33
|h Library of Congress classification
|i unmediated -- volume
|m 32060002868764
|
| 998 |
f |
f |
|a F1234.F18 A33
|t 0
|l Remote Storage
|